000 00307nam a2200133Ia 4500
005 20251222144648.0
008 251222s9999||||xx |||||||||||||| ||spa||
020 _a84-207-6417-5
082 _a860.6/T96
100 _aTusón, Vicente
245 0 _aLiteratura del Siglo XX
264 _bAnaya
942 _cLIB
999 _c16950
_d16950